| 000 | 01303nam a2200361 a 4500 | ||
|---|---|---|---|
| 001 | 596112 | ||
| 003 | TR-AnTOB | ||
| 005 | 20241115172425.0 | ||
| 008 | 911205s1988 tu bd 000 0 tur | ||
| 010 | _a 90968908 | ||
| 040 |
_aDLC _cTR-AnTOB _beng _dTR-AnTOB _erda |
||
| 041 | 0 |
_aeng _atur |
|
| 050 | 0 | 0 |
_aHF1002 _b.S314 1988 |
| 090 |
_aREF HF1002 _b.S314 1988 |
||
| 100 | 1 |
_aSak, Ziya _9145898 |
|
| 245 | 1 | 0 |
_aDictionary of commercial terms : _b(Turkish-English) / _cedited and published by Ziya Sak. |
| 246 | 1 | 4 | _aTürkçe-İngilizce ticarı̂ İngilizce sözlüğü |
| 250 | _a1. baskı. | ||
| 264 |
_aCağaloğlu, İstanbul : _bSak İngilizce Öğretimi Yayınları : _bGenel dağıtım, A-A Yayınevi, _c1988. |
||
| 300 |
_a240 pages ; _c25 cm. |
||
| 336 |
_2rdacontent _atext |
||
| 337 |
_2rdamedia _aunmediated |
||
| 338 |
_2rdacarrier _avolume |
||
| 504 | _aIncludes bibliographical references (p. 237-238). | ||
| 590 | _aDonated by Nermin Çaker. | ||
| 650 | 0 |
_aCommerce _xDictionaries. |
|
| 650 | 0 |
_aBusiness _xDictionaries. |
|
| 650 | 0 |
_aEnglish language _xDictionaries _xTurkish. |
|
| 906 |
_a7 _bcbc _corignew _d3 _encip _f19 _gy-gencatlg |
||
| 942 |
_2lcc _cBK |
||
| 999 |
_c200425934 _d43857 |
||